Places in Wake County, NC - Statistics

General Stats
  • This quiz has been taken 15 times
  • The average score is 6 of 19
Answer Stats
Hint Answer % Correct
Largest suburb of Raleigh Cary
79%
Airport code for Raleigh-Durham RDU
79%
Suburb of Raleigh what was once 2 separate towns Fuquay-Varina
71%
Major Interstate that passes through the county and near downtown Raleigh I-40
71%
Popular shopping area/neighborhood north of Downtown, starts with N North Hills
71%
Park southwest of the downtown, starts with P Pullen Park
64%
Biggest lake Falls Lake
43%
Smallest town Zebulon
43%
Glenwood South
29%
River the above lake is located along Neuse River
29%
Warehouse District
21%
Fayetteville Street
14%
Moore Square
14%
5 main districts of Downtown Raleigh Capital District
7%
Tallest building in Raleigh PNC Plaza
7%
Second tallest building 2 Hanover Square
0%
A park in downtown, starts with F Freedom Park
0%
Most popular park in historic Fuquay Fuquay Mineral Springs
0%
Biggest state park William B. Umstead
0%
No matching quizzes found
Score Distribution
Percent of People with Each Score
Percentile by Number Answered
Your Score History
You have not taken this quiz